The Best of Speaking Tree (Record no. 90260)

MARC details
000 -LEADER
fixed length control field 00523nam a2200193Ia 4500
008 - FIXED-LENGTH DATA ELEMENTS--GENERAL INFORMATION
fixed length control field 230125s9999 xx 000 0 und d
020 ## - INTERNATIONAL STANDARD BOOK NUMBER
International Standard Book Number 81-903995-2-7
041 ## - LANGUAGE CODE
Language code of text/sound track or separate title eng
082 ## - DEWEY DECIMAL CLASSIFICATION NUMBER
Classification number 823
Item number GAN
100 ## - MAIN ENTRY--PERSONAL NAME
Personal name Ganesh N, Ed.
9 (RLIN) 113220
245 ## - TITLE STATEMENT
Title The Best of Speaking Tree
Remainder of title Vol 1 to Vol 4
260 ## - PUBLICATION, DISTRIBUTION, ETC. (IMPRINT)
Date of publication, distribution, etc. 2008
Name of publisher, distributor, etc. Times Group Books
Place of publication, distribution, etc. New Delhi
300 ## - PHYSICAL DESCRIPTION
Extent 158p
500 ## - GENERAL NOTE
Keywords Literature;English Literature
650 ## - SUBJECT ADDED ENTRY--TOPICAL TERM
Topical term or geographic name as entry element English Literature
700 ## - ADDED ENTRY--PERSONAL NAME
Personal name Ganesh N, Ed.
9 (RLIN) 113220
906 ## - LOCAL DATA ELEMENT F, LDF (RLIN)
b 40
Holdings
Withdrawn status Lost status Damaged status Not for loan Home library Current library Date acquired Vendor Cost, normal purchase price Bill number Total Checkouts Full call number Barcode Date last seen Cost, replacement price Bill Date Koha item type Original Barcode
        Smt. Hiraben Nanavati Institute of Management & Research for Women Smt. Hiraben Nanavati Institute of Management & Research for Women 31/03/2008 Bookland 200.00 6932   823 GAN B06436 HIMR-BK-6436 25/01/2023 160.00 29/03/2008 Books B06436
        Smt. Hiraben Nanavati Institute of Management & Research for Women Smt. Hiraben Nanavati Institute of Management & Research for Women 31/03/2008 Bookland 200.00 6932   823 GAN B06437 HIMR-BK-6437 25/01/2023 160.00 29/03/2008 Books B06437
        Smt. Hiraben Nanavati Institute of Management & Research for Women Smt. Hiraben Nanavati Institute of Management & Research for Women 31/03/2008 Bookland 200.00 6932   823 GAN B06438 HIMR-BK-6438 25/01/2023 160.00 29/03/2008 Books B06438
        Smt. Hiraben Nanavati Institute of Management & Research for Women Smt. Hiraben Nanavati Institute of Management & Research for Women 31/03/2008 Bookland 200.00 6932   823 GAN B06439 HIMR-BK-6439 25/01/2023 160.00 29/03/2008 Books B06439